Gaceta judicial 130 aǫs de historia jurisprudencial colombiana (1887-2017) /

Detalles Bibliográficos
Autor principal: Castro De Cifuentes, Marcela
Formato: eBook
Lenguaje:español
Publicado: Bogot:̀ Universidad de Los Andes (Colombia), 2017
Materias:
Acceso en línea:Acceso restringido

MARC

LEADER 00000nam a22000007a 4500
005 20190524003030.0
007 cr|||| ||||
008 190524s2017 co |||||s|||| 00||0 spa d
020 |a 978-958-35-1153-0 
035 |a 23343 
040 |a vLex 
090 |c 8799  |d 8799 
100 1 |a Castro De Cifuentes, Marcela 
245 1 0 |a Gaceta judicial  |h [Recurso electrn̤ico] :  |b 130 aǫs de historia jurisprudencial colombiana (1887-2017) /  |c Marcela Castro De Cifuentes 
256 |a Servicio en ln̕ea 
260 |a Bogot:̀  |b Universidad de Los Andes (Colombia),  |c 2017 
300 |a 1 recurso electrn̤ico 
500 |a Con ocasin̤ de los cientos treinta aǫs de la gaceta judicial, la obra presenta problemt̀icas relevantes que ha abordado la Corte Suprema de Justicia colombiana, concernientes a muy diversas r̀eas del derecho en sus Salas de Casacin̤ y en su Sala Plena, encargada del control constitucional hasta 1991. El lector encontrar ̀una muestra significativa de los aportes que ese alto tribunal ha realizado a la conformacin̤, compresin̤, interpretacin̤ y aplicacin̤ del derecho en la historia reciente del pas̕. El libro se compone de cuatro secciones que contienen escritos sobre el trabajo de las respectivas Salas: Casacin̤ Penal, Civil, Laboral Y Sala Plena, en los cuales se realiz ̤una intensa investigacin̤ y anl̀isis de fuentes primordialmente jurisprudenciales, tomadas de la Gacela Judicial. 
506 1 |a Disponible solo en los productos indicados  |d vLex Global  |d vLex Global (Academic Edition, excluding Law Schools)  |d vLex Global (U.S. Academic Edition, Law Schools)  |d vLex Global (U.S. Academic Edition, excluding Law Schools)  |d vLex Global (Academic Edition, Law Schools) 
650 0 4 |a Derecho Civil  |z Colombia 
650 0 4 |a Derecho Laboral y Seguridad Social  |z Colombia 
650 0 4 |a Derecho Penal  |z Colombia 
650 0 4 |a Derecho Constitucional  |z Colombia 
740 0 |a vLex Libros (Servicio en ln̕ea) 
856 4 0 |u http://vlex.com/source/gaceta-judicial-130-a-os-de-historia-jurisprudencial-colombiana-1887-2017--23343  |z Acceso restringido 
942 |c BOOK 
999 0 |a Civil Law 
999 0 |a Labor Law and Social Security 
999 0 |a Criminal Law 
999 0 |a Constitutional Law